Normal view MARC view
  • Jamsa, Kris,

Entry Personal Name

Number of records used in: 1

001 - CONTROL NUMBER

  • control field: 97454

003 - CONTROL NUMBER IDENTIFIER

  • control field: NUST

005 - DATE AND TIME OF LATEST TRANSACTION

  • control field: 20220816124447.0

008 - FIXED-LENGTH DATA ELEMENTS

  • fixed length control field: 220816|| aca||aabn | a|a d

040 ## - CATALOGING SOURCE

  • Original cataloging agency: NUST
  • Transcribing agency: NUST

100 ## - HEADING--PERSONAL NAME

  • Personal name: Jamsa, Kris,
  • Dates associated with a name: 1960-

670 ## - SOURCE DATA FOUND

  • Source citation: Work cat.: (NUST)0: Jamsa, Kris, 1960-, Introduction to data mining and analytics with machine learning in R and Python /
© 2023 Central Library, National University of Sciences and Technology. All Rights Reserved.